SC Freiburg Squad 2020-2021 - Statistics

General Stats
  • This quiz has been taken 19 times
  • The average score is 18 of 27
Answer Stats
# Position Nation Player % Correct
18 FW Germany Nils Petersen
94%
32 FW Italy Vincenzo Grifo
94%
30 DF Germany Christian Günter
89%
26 GK Netherlands Mark Flekken
89%
11 FW Bosnia and Herzegovina Ermedin Demirović
83%
8 MF France Baptiste Santamaria
78%
7 DF France Jonathan Schmid
78%
9 FW Germany Lucas Höler
78%
3 DF Austria Philipp Lienhart
78%
22 FW Hungary Roland Sallai
78%
6 MF Albania Amir Abrashi
72%
31 DF Germany Keven Schlotterbeck
72%
29 FW South Korea Woo-yeong Jeong
72%
1 GK Germany Benjamin Uphoff
67%
- Coach Germany Christian Streich
67%
21 GK Germany Florian Müller
67%
5 DF Germany Manuel Gulde
67%
27 MF Germany Nicolas Höfler
67%
17 DF Germany Lukas Kübler
56%
36 MF Germany Yannik Keitel
56%
19 MF Germany Janik Haberer
50%
28 FW South Korea Chang-hoon Kwon
44%
23 DF Germany Dominique Heintz
44%
14 MF Netherlands Guus Til
39%
34 MF Germany Lino Tempelmann
28%
40 GK Germany Niclas Thiede
28%
24 DF Germany Luca Itter
17%
No matching quizzes found
Score Distribution
Percent of People with Each Score
Percentile by Number Answered
Your Score History
You have not taken this quiz